000
00294nam a2200121Ia 4500
008
240624s9999 xx 000 0 und d
041
_a
eng
082
_a
809 MAC
100
_a
MACHI LAWRENCE A
245
_a
LITERATURE REVIEW SIX STEPS TO SUCCESS
260
_a
California
_b
Corwin
365
_c
RS
999
_c
24428
_d
24428